| 000 | 00000nam##2200000za#4500 |
| 001 | 9.597866 |
| 003 | CaOODSP |
| 005 | 20210624204246 |
| 007 | cr ||||||||||| |
| 008 | 150406|2004||||xxc|||||o f|0| 0 fre|d |
| 040 | |aCaOODSP|bfre |
| 043 | |an-cn--- |
| 086 | 1 |aTU3-5/04-25F-PDF |
| 110 | 2 |aBureau de la sécurité des transports du Canada. |
| 245 | 10|aRaclage d'une aile au cours d'un atterrissage interrompu du Boeing 727-225 C-GCJB exploité par Cargojet Airways Limited à l'aéroport international du Grand Moncton (Nouveau-Brunswick), le 28 mai 2004 |h[ressource électronique] |
| 260 | |aGatineau - Québec : |bBureau de la sécurité des transports du Canada |c[2005]. |
| 300 | |a9p.|bill. |
| 490 | 1 |aRapport d'enquête aéronautique |vA04A0057 |
| 590 | |a10-05-Supp|b2010-07-20 |
| 691 | 07|aAccident d'avion|2gcpds |
| 775 | 08|tWing scrape during a rejected landing - Cargojet Airways Limited Boeing 727-225 C-GCJB, Greater Moncton International Airport, Moncton, New Brunswick, 28 May 2004 |w(CaOODSP)9.566353 |
| 830 | #0|aRapport d'enquête aéronautique ;|vA04A0057|w(CaOODSP)9.501229 |
| 856 | 40|ahttp://publications.gc.ca|qPDF|s216 Ko|uhttps://publications.gc.ca/collections/collection_2009/bst-tsb/TU3-5-04-25F.pdf|yA04A0057 |